One market or two? (Record no. 82396)
[ view plain ]
| 000 -LEADER | |
|---|---|
| fixed length control field | 00988cam a22001935a 4500 |
| 001 - CONTROL NUMBER | |
| control field | L150101 |
| 008 - FIXED-LENGTH DATA ELEMENTS--GENERAL INFORMATION | |
| fixed length control field | 100602s2010 xxk 000 0 eng d |
| 035 ## - SYSTEM CONTROL NUMBER | |
| System control number | (Sirsi) u150101 |
| 041 0# - LANGUAGE CODE | |
| Language code of text/sound track or separate title | eng |
| 100 1# - MAIN ENTRY--PERSONAL NAME | |
| Personal name | French, Nick |
| 245 00 - TITLE STATEMENT | |
| Title | One market or two? |
| 260 ## - PUBLICATION, DISTRIBUTION, ETC. | |
| Date of publication, distribution, etc. | 2010 |
| 490 #0 - SERIES STATEMENT | |
| Series statement | Journal of Property Investment and Finance |
| Volume/sequential designation | 28(1), 2010 , (2) |
| 520 ## - SUMMARY, ETC. | |
| Summary, etc. | Comments on the role of valuation in a likely post-recession recovery period. It has never been more important to take into account property fundamentals when valuing. Valuers have the difficult tasks of differentiating between the best and worst property. It is not necessarily true that a premium is being paid for good property but it is true that a substantial discount is being experienced for lesser properties. Valuation will continue to be made on sentiment in probable two-tier markets. |
| 590 ## - LOCAL NOTE (RLIN) | |
| Local note | KA |
| 651 #4 - SUBJECT ADDED ENTRY--GEOGRAPHIC NAME | |
| Geographic name | United Kingdom |
| 690 ## - LOCAL SUBJECT ADDED ENTRY--TOPICAL TERM (OCLC, RLIN) | |
| Topical term or geographic name as entry element | PROPERTY-PROPERTY VALUATION AND APPRAISAL |
| 942 ## - ADDED ENTRY ELEMENTS (KOHA) | |
| Suppress in OPAC | 0 |
| Source of classification or shelving scheme | Dewey Decimal Classification |
| Withdrawn status | Lost status | Source of classification or shelving scheme | Damaged status | Not for loan | Home library | Current library | Shelving location | Date acquired | Total Checkouts | Full call number | Barcode | Date last seen | Copy number | Price effective from | Koha item type |
|---|---|---|---|---|---|---|---|---|---|---|---|---|---|---|---|
| Dewey Decimal Classification | London | London | Journal article | 02/06/2010 | L150101 | 150101-1001 | 06/08/2019 | 1 | 06/08/2019 | Journal article |